Prentice Hall's federal taxation, 1989 : corporations, partnerships, estates, and trusts

Bibliographic Details
Main Authors: Kramer, John L. (Author), Phillips, Lawrence C. (Author)
Format: Book
Published: Englewood Cliffs, NJ : Prentice-Hall , c1988
Subjects:

MARC

LEADER 00000cam a2200000 7i4500
001 0000022012
005 20070618093000.0
020 |a 0137032587 
090 0 0 |a HJ3252   |b .P7 1988 
245 0 0 |a Prentice Hall's federal taxation, 1989 :   |b corporations, partnerships, estates, and trusts   |c editors, John L. Fowler...[et al.]   |f co-authors, Anna C. Fowler...[et al.] 
260 2 |a Englewood Cliffs, NJ :   |b Prentice-Hall ,   |c c1988 
300 |a 1 v. (various pagings) ; ;   |c 26 cm. 
501 |a Includes index 
650 0 |a Taxation   |z United States 
700 0 |a Kramer, John L. ,   |e author 
700 0 |a Phillips, Lawrence C. ,   |e author 
999 |a 1000020883   |b Book   |c OPEN SHELF (30 DAYS)   |e Gong Badak Campus